The Courtship/ (Record no. 215319)

MARC details
000 -LEADER
fixed length control field 00577nam a22001937a 4500
005 - DATE AND TIME OF LATEST TRANSACTION
control field 20260306113004.0
010 ## - LCCN (DPL NO)
LC control number ENG-147870
020 ## - INTERNATIONAL STANDARD BOOK NUMBER
International Standard Book Number 9789349001862
Terms of availability 295.00
035 ## - SYSTEM CONTROL NUMBER
System control number EN-131402
037 ## - SOURCE OF ACQUISITION
Source of stock number/acquisition DBAD
082 ## - DEWEY DECIMAL CLASSIFICATION NUMBER
Classification number S
Edition number 1
100 ## - MAIN ENTRY--PERSONAL NAME
Personal name Rai. Pranshu
245 ## - TITLE STATEMENT
Title The Courtship/
Statement of responsibility, etc Pranshu Rai
250 ## - EDITION STATEMENT
Edition statement 1
260 ## - PUBLICATION, DISTRIBUTION, ETC. (IMPRINT)
Place of publication, distribution, etc Maharashtra
Name of publisher, distributor, etc Popular Book Depot
Date of publication, distribution, etc 2025
270 ## - ADDRESS
Address 34A/Suyog center;7th floor ;Gultekadi marketyard road;gridher bhawan chowk
City Pune
Postal code 411037
Electronic mail address info@vpindia.co.in
Telephone number 9168682200
300 ## - PHYSICAL DESCRIPTION
Extent 191p.
Other physical details 21cm(pb)
942 ## - ADDED ENTRY ELEMENTS (KOHA)
Source of classification or shelving scheme Dewey Decimal Classification
Item type English Books
Classification part S
Call number suffix RAI
Holdings
Withdrawn status Lost status Not for loan Home library Current library Date acquired Full call number Koha item type
      Sarojini Nagar Sarojini Nagar 28/04/2026 S RAI English Books

© Delhi Public Library
Hit Counter
free hit counter